000 00483nam a2200145Ia 4500
008 200903s9999 xx 000 0 und d
020 _a978-981-48-4427-7
100 _aBrue, Stanley
245 _cStanley Brue, Randy Grant
_aThe Evolution of economic thought/
260 _aAustralia:
_bCengage Learning Asia Pte Ltd.
_c2019
300 _axvi, 580 pages
_c23 cm.
500 _aIncludes bibliographical references
650 _aBusiness writing
650 _aCommercial correspondence
999 _c364053
_d364053